00558nam a2200193Ia 4500008004100000020001000041040001900051041001200070082003100082245008300113260003000196300003800226504001900264630001000283630002500293650002100318651001500339850001000354131103s9999 xx 000 0 und d cRs.27 aLoreto College aEnglish a338.40954/BANbLCLIB/39587 aINDIA. Ministry of information and broadcastingb Steel cMonohar Bandopadhyay aDelhibThe Directorc1987 a180 p.b ill.,fig.,photosc 9 cm. aIncludes index aIndia aSecondary Industries aSteel Production aProduction aLCLIB